Normal view
MARC view
- ENGINEERING DESIGN.ENGINEERING DESIGN OPTIMIZATION
Entry Topical Term
001 - CONTROL NUMBER
- control field: 78053
003 - CONTROL NUMBER IDENTIFIER
- control field: NUST
005 - DATE AND TIME OF LATEST TRANSACTION
- control field: 20210628210054.0
008 - FIXED-LENGTH DATA ELEMENTS
- fixed length control field: 210628|| aca||aabn | a|a d
040 ## - CATALOGING SOURCE
- Original cataloging agency: NUST
- Transcribing agency: NUST
150 ## - HEADING--TOPICAL TERM
- Topical term or geographic name entry element: ENGINEERING DESIGN.ENGINEERING DESIGN OPTIMIZATION
670 ## - SOURCE DATA FOUND
- Source citation: Work cat.: (NUST): Deb, Kalyanmoy 73907, Optimization for engineering design algorithms and examples, 1995
